000 00761nam a2200229Ii 4500
003 JO-AjNU
008 230605s9999||||xx |||||||||||||| ||und||
017 _a2012/7/2401
020 _a978-9957-70-603-6
040 _aJO-AjNU
_bara
_erda
_cJO-AjNU
041 _aara
050 1 4 _aPJ6121 2012
100 3 _aبن خوية، رابح,
_eauthor
_943311
245 0 0 _aفي البنية الصوتية والإقاعية
250 _aط1
264 3 1 _aإربد: عالم الكتب الحديث للنشر والتوزيع، 2012
300 _a129ص
336 _atext
_btxt
_2rdacontent
337 _aunmediated
_bn
_2rdamedia
338 _avolume
_bnc
_2rdacarrier
650 4 _aالبنية الصوتية والايقاعية-الاصوات-نطق
_943312
999 _aA18611
_c22179
_d22179